The changing role of the independent expert witness (Record no. 63842)

MARC details
000 -LEADER
fixed length control field 00921cam a2200229 4500
001 - CONTROL NUMBER
control field ABS62531
008 - FIXED-LENGTH DATA ELEMENTS--GENERAL INFORMATION
fixed length control field 000000n2000 000 0 eng u
035 ## - SYSTEM CONTROL NUMBER
System control number (Sirsi) u106617
100 ## - MAIN ENTRY--PERSONAL NAME
Personal name Humby, K.
245 #4 - TITLE STATEMENT
Title The changing role of the independent expert witness
260 ## - PUBLICATION, DISTRIBUTION, ETC.
Date of publication, distribution, etc. 2000
490 ## - SERIES STATEMENT
Series statement Health and Safety Bulletin
Volume/sequential designation (289) June 2000, 9-11(3)
520 ## - SUMMARY, ETC.
Summary, etc. A year after Lord Woolf's "Access to Justice" report, the article looks at the effect of the civil litigation reforms on the role of the expert witness. Discusses who qualifies as an expert, the training process, and the question of expert witnesses' independence in court.
590 ## - LOCAL NOTE (RLIN)
Local note ABS
650 ## - SUBJECT ADDED ENTRY--TOPICAL TERM
Topical term or geographic name entry element EXPERT WITNESS
9 (RLIN) 6239
650 ## - SUBJECT ADDED ENTRY--TOPICAL TERM
Topical term or geographic name entry element CIVIL COURT PROCEDURES
650 ## - SUBJECT ADDED ENTRY--TOPICAL TERM
Topical term or geographic name entry element WOOLF REFORMS
650 ## - SUBJECT ADDED ENTRY--TOPICAL TERM
Topical term or geographic name entry element ACCESS TO JUSTICE
650 ## - SUBJECT ADDED ENTRY--TOPICAL TERM
Topical term or geographic name entry element LITIGATION PROCEEDINGS
690 ## - LOCAL SUBJECT ADDED ENTRY--TOPICAL TERM (OCLC, RLIN)
Topical term or geographic name as entry element MANAGEMENT-BUSINESS MANAGEMENT-PROFESSIONAL PRACTICE
942 ## - ADDED ENTRY ELEMENTS (KOHA)
Suppress in OPAC 0
Holdings
Withdrawn status Lost status Source of classification or shelving scheme Damaged status Not for loan Home library Current library Shelving location Date acquired Total Checkouts Full call number Barcode Date last seen Copy number Price effective from Koha item type
    Dewey Decimal Classification     London London Journal article 21/06/2000   ABS62531 106617-1001 06/08/2019 1 06/08/2019 Journal article